Sports Quiz

Random Sports or NBA Quiz
Score 0/15 Timer 04:00
10 Plays Today
League Team % Correct
NFLChicago Bears
77.9%
NFLDetroit Lions
70.1%
NBAChicago Bulls
66.6%
NFLBuffalo Bills
66%
NBASacramento Kings
63.5%
NHLLos Angeles Kings
63.5%
NFLIndianapolis Colts
62.9%
NBASan Antonio Spurs
58%
League Team % Correct
NBAAtlanta Hawks
57.6%
NBAOrlando Magic
56.4%
NBAMilwaukee Bucks
54.3%
MLBMinnesota Twins
49%
NHLDallas Stars
48.2%
NHLAnaheim Ducks
45.1%
NHLSt. Louis Blues
43.9%

You're not logged in!

Compare scores with friends on all Sporcle quizzes.
OR
Log In

Sporcle TV

Today on Sporcle TV


Watch our educational content, quiz creation guides, and fun videos on Sporcle TV.

Show Comments

Extras

Top Quizzes Today


Score Distribution

Paid Content

Your Account Isn't Verified!

In order to create a playlist on Sporcle, you need to verify the email address you used during registration. Go to your Sporcle Settings to finish the process.

Report this User

Report this user for behavior that violates our Community Guidelines.

Details: